İstanbul gençliği (Record no. 10153)

MARC details
000 -BAŞLIK
Sabit Uzunlukta Kontrol Alanı 00991na a2200289 4500
001 - KONTROL NUMARASI
Denetim Alanı 13044
003 - KONTROL NUMARASI IDENTIFIER
Denetim Alanı MIRAKIL
005 - SON İŞLEM TARİHİ VE ZAMANI
Denetim Alanı 20181213155309.0
008 - SABİT-BOY VERİ ELEMANLARI - GENEL BİLGİLER
Sabit Uzunlukta Kontrol Alanı 160908b tu 000 0
020 ## - ULUSLARARASI STANDART KİTAP NUMARASI
Uluslararası Standart Kitap Numarası 9756176768
035 ## - SİSTEM KONTROL NUMARASI
Sistem Kontrol Numarası 13044
040 ## - KATALOGLAMA KAYNAK
Orijinal Kataloglama Ajansı Milas
Kataloglama Dili tur
Metne Dönüştürmek Ajansı TR-AnCHP
082 ## - DEWEY ONLU SINIFLANDIRMA NUMARASI
Sınıflandırma Numarası 305.235
Ürün Numarası İ77i 2006
090 ## - SINIFLAMA NUMARASI
Sınıflama Numarası 305.235 I77i 2006
245 ## - BAŞLIK TABLOSU
Başlık İstanbul gençliği
Başlığın Kalan Gençlik değerleri araştırması 2004
Sorumluluk Tablosu, Vb derleyen Gülten Kazgan
246 ## - UNVAN FORM VARYING
Başlık Doğru / Kısa Başlığı Gençlik değerleri araştırması 2004
260 ## - YAYIN, DAĞITIM, VB
Yayın, Dağıtım, Vb Yeri İstanbul
Yayıncı, Dağıtıcı, Vs Adı İstanbul Bilgi Üniversitesi Yayınları
Yayın, Dağıtım, Vb Tarihi 2006
300 ## - FİZİKSEL TANIM
Kapsam xx, 256 s.
Diğer Fiziksel Ayrıntıları tbl.
Boyutlar 23 sm.
490 ## - SERİSİ TABLOSU
Seri Beyanı Kent - Monografi
Hacim / Ardışık Tanımı 5
490 ## - SERİSİ TABLOSU
Seri Beyanı İstanbul Bilgi Üniversitesi yayınları
Hacim / Ardışık Tanımı 155
504 ## - KAYNAKÇA VB NOT
Kaynakça Vb Notu Dizin var.
650 ## - KONU KATMA GİRİŞ - TOPİKAL DÖNEM
Topikal Süreli Veya Coğrafi Ad Giriş Elemanı Gençlik
Genel Alt Bölümü Kamuoyu
Kronolojik Alt Bölümü Ekonomik koşullar
Coğrafi Alt Bölümü Türkiye
-- İstanbul
650 ## - KONU KATMA GİRİŞ - TOPİKAL DÖNEM
Topikal Süreli Veya Coğrafi Ad Giriş Elemanı Gençlik
Genel Alt Bölümü Yaşam biçimi
Coğrafi Alt Bölümü İstanbul
650 ## - KONU KATMA GİRİŞ - TOPİKAL DÖNEM
Topikal Süreli Veya Coğrafi Ad Giriş Elemanı Gençlik
Genel Alt Bölümü Kamuoyu
Kronolojik Alt Bölümü Sosyal koşullar
Coğrafi Alt Bölümü Türkiye
-- İstanbul
700 ## - KATMA GİRİŞ - KİŞİSEL İSİM
Kişisel Ad Kazgan, Gülten
942 ## - EKLENDİ GİRİŞ ELEMANLARI (KOHA)
Sınıflandırma Veya Raf Düzeni Kaynak Dewey Decimal Classification
Koha Öğesi Türü Books
999 ## - SİSTEM KONTROL NUMARALARI (KOHA)
Koha Biblionumber 10153
Koha Biblioitemnumber 10153
Holdings
Kalıcı Konum Mevcut Konum Edinme Tarihi Edinim Kaynak Toplam Check-Out'Lar Tam Çağrı Numarası Barkod Tarih Son Görülme İtibaren Geçerli Fiyatlar Koha Öğesi Türü
CHP Kütüphanesi CHP Kütüphanesi 08/04/2016 Bağış   305.235 I77i 2006 000273 08/04/2016 08/04/2016 Books